<?xml version="1.0" encoding="UTF-8"?>
<collection xmlns="http://www.loc.gov/MARC21/slim">
    <record>
        <controlfield tag="001">65223</controlfield>
        <controlfield tag="005">20180207125408.0</controlfield>
        <datafield tag="037" ind1=" " ind2=" ">
            <subfield code="a">TAZ-PFC-2017-142</subfield>
        </datafield>
        <datafield tag="041" ind1=" " ind2=" ">
            <subfield code="a">spa</subfield>
        </datafield>
        <datafield tag="100" ind1="1" ind2=" ">
            <subfield code="a">Alella Murugarren Cardenal</subfield>
        </datafield>
        <datafield tag="242" ind1="0" ind2="0">
            <subfield code="a">Project of a bees exploitation of 600 beehives in Peñalba (Huesca) with an extraction and packing build of honey and pollen.</subfield>
        </datafield>
        <datafield tag="245" ind1="0" ind2="0">
            <subfield code="a">Proyecto de una explotación apícola de 600 colmenas en el municipio de Peñalba (Huesca) con planta de extracción y envasado de miel y polen.</subfield>
        </datafield>
        <datafield tag="260" ind1=" " ind2=" ">
            <subfield code="a">Zaragoza</subfield>
            <subfield code="b">Universidad de Zaragoza</subfield>
            <subfield code="c">2017</subfield>
        </datafield>
        <datafield tag="506" ind1=" " ind2=" ">
            <subfield code="a">by-nc-sa</subfield>
            <subfield code="b">Creative Commons</subfield>
            <subfield code="c">3.0</subfield>
            <subfield code="u">http://creativecommons.org/licenses/by-nc-sa/3.0/</subfield>
        </datafield>
        <datafield tag="520" ind1=" " ind2=" ">
            <subfield code="a">El objetivo de este proyecto es la puesta en marcha de una explotación de abejas constituida por 600 colmenas y una nave de postprocesado de los productos obtenidos. Para ello, se llevará a cabo un estudio técnico y un estudio económico que medirá la rentabilidad de éste.  La nave se localizará en el municipio de Peñalba, Huesca, a las afueras del pueblo en zona industrial, con todos los elementos técnicos necesarios para cumplir la normativa legal vigente y facilitar las labores de trabajo.  Las colmenas tendrán un asentamiento principal, cerca del lugar de extracción, pero en el periodo de mielada se irán desplazando a las distintas floraciones para obtener una mayor producción y por tanto una mayor rentabilidad del negocio. Por tanto, la explotación y manejo de las colmenas será de tipo trashumante. De ellas se obtendrán dos productos principales: miel y polen. La estructura del proyecto será la correspondiente a un proyecto técnico: Memoria, Anejos a la memoria, Planos, Pliego de condiciones, Estudio de seguridad y salud y Presupuesto.</subfield>
        </datafield>
        <datafield tag="521" ind1=" " ind2=" ">
            <subfield code="a">Ingeniero Agrónomo (segundo ciclo) (en extinción)</subfield>
        </datafield>
        <datafield tag="540" ind1=" " ind2=" ">
            <subfield code="a">Derechos regulados por licencia Creative Commons</subfield>
        </datafield>
        <datafield tag="700" ind1=" " ind2=" ">
            <subfield code="a">Perna Mur, José Ernesto</subfield>
            <subfield code="e">dir.</subfield>
        </datafield>
        <datafield tag="700" ind1=" " ind2=" ">
            <subfield code="a">Escós Quílez, Juan</subfield>
            <subfield code="e">dir.</subfield>
        </datafield>
        <datafield tag="710" ind1="2" ind2=" ">
            <subfield code="a">Universidad de Zaragoza</subfield>
            <subfield code="b"> </subfield>
            <subfield code="c"></subfield>
        </datafield>
        <datafield tag="856" ind1="0" ind2=" ">
            <subfield code="f">561178@celes.unizar.es</subfield>
        </datafield>
        <datafield tag="856" ind1="4" ind2=" ">
            <subfield code="s">6227517</subfield>
            <subfield code="u">http://zaguan.unizar.es/record/65223/files/TAZ-PFC-2017-142.pdf</subfield>
            <subfield code="y">Memoria (spa)</subfield>
        </datafield>
        <datafield tag="909" ind1="C" ind2="O">
            <subfield code="o">oai:zaguan.unizar.es:65223</subfield>
            <subfield code="p">proyectos-fin-carrera</subfield>
            <subfield code="p">driver</subfield>
        </datafield>
        <datafield tag="950" ind1=" " ind2=" ">
            <subfield code="a"></subfield>
        </datafield>
        <datafield tag="951" ind1=" " ind2=" ">
            <subfield code="a">deposita:2018-02-07</subfield>
        </datafield>
        <datafield tag="980" ind1=" " ind2=" ">
            <subfield code="a">TAZ</subfield>
            <subfield code="b">PFC</subfield>
            <subfield code="c">EPSHUES</subfield>
        </datafield>
    </record>

    
</collection>